Central Library and Information Centre
Sibsagar Girls' College, Sivasagar : Assam

NISHIDHA ITIHASH (Comprehensive Study) (Record no. 19687)

MARC details
000 -LEADER
fixed length control field 00436cam a2200181ua 4500
008 - FIXED-LENGTH DATA ELEMENTS--GENERAL INFORMATION
fixed length control field 130918n2010 II |||gr||||Z||||||asm
040 ## - CATALOGING SOURCE
Original cataloging agency MAIN
041 ## - LANGUAGE CODE
-- English
082 ## - DEWEY DECIMAL CLASSIFICATION NUMBER
Classification number 891.451 DEK
100 ## - MAIN ENTRY--PERSONAL NAME
Personal name DEKA, NILAMONI SEN.
245 ## - TITLE STATEMENT
Title NISHIDHA ITIHASH (Comprehensive Study)
250 ## - EDITION STATEMENT
Edition statement 1ST.
260 ## - PUBLICATION, DISTRIBUTION, ETC.
Place of publication, distribution, etc. NALBARI
Name of publisher, distributor, etc. JOURNAL EMPORIUM
Date of publication, distribution, etc. 2010
300 ## - PHYSICAL DESCRIPTION
Extent 248:
Dimensions 20CM.
942 ## - ADDED ENTRY ELEMENTS (KOHA)
Koha item type Books
653 ## - INDEX TERM--UNCONTROLLED
Uncontrolled term Asomiya Sahitya
Holdings
Withdrawn status Lost status Damaged status Not for loan Collection code Home library Current library Shelving location Date acquired Full call number Barcode Date last seen Copy number Price effective from Koha item type
        REFASM Central Library and Information Centre Sibsagar Girls College Central Library and Information Centre Sibsagar Girls College Assamese Fiction 19.08.2013 891.451 DEK 30037 27.02.2020 1 27.02.2020 Books


Sibsagar Girl's College © 2020. All rights reserved.
Powered by Koha.
Maintained by Abhijit Borpuzari.